000 004380000a22001690004500
003 MACL
005 20160101134134.0
008 160101b xxu||||| |||| 00| 0 eng d
040 _aMACL
_cMACL
041 _aEnglish
082 _a363.123/KSH
100 _aKshirsagar, S R
_926347
245 _aWater Supply Engineering
260 _bRoorkee Publishing
_c1966
_aRoorkee
650 _aSocial Science
_926348
942 _cBK
_k363.123/Ksh
_2ddc
999 _c35939
_d35939